[Event "35th European Club Cup 2019"]
[Site "Ulcinj"]
[Date "2019.11.16"]
[Round "7.9"]
[White "Navara, David"]
[Black "Grachev, Boris"]
[Result "1-0"]
[WhiteElo "2703"]
[BlackElo "2608"]
[Annotator "TA"]
[PlyCount "133"]
[EventDate "2019.11.10"]
[EventType "team-tourn"]
[EventCountry "MNE"]
[SourceTitle "playchess.com"]
[Source "ChessBase"]
[SourceQuality "1"]
[WhiteTeam "Novy Bor"]
[BlackTeam "Moscow Chess Team"]

{[%evp 15,135,19,37,31,38,38,33,34,37,29,33,29,36,29,35,29,35,31,44,41,36,36,40,14,22,20,41,31,35,13,12,15,21,27,24,0,0,0,23,22,83,83,83,82,85,86,86,87,84,80,86,87,89,83,75,75,203,0,30,42,39,44,52,47,60,0,0,0,0,0,507,461,527,530,521,477,506,519,528,519,469,519,635,488,524,500,494,492,494,443,457,459,834,854,856,871,821,836,762,703,901,776,1175,1167,1122,1046,1712,954,945,873,29964,29966,29960,29962,29983,29984,29985,29986,29985,29986,29986,29987]} 1. e4 c5 2. Nf3 e6 3. d4 cxd4 4. Nxd4 Nf6 5. Nc3 Nc6 6. Nxc6 bxc6 7. e5 Nd5 8. Ne4 Bb7 ({Predecessor:} 8... c5 9. Be2 {½-½ (31) Vavulin,M (2302)-Krapivin,A (2438) Moscow 2012}) 9. Be2 {B45: Sicilian Four Knights} c5 10. O-O Qc7 11. Nd6+ {White is slightly better.} Bxd6 12. exd6 Qc6 13. f3 c4 14. Qd4 O-O 15. Bxc4 Qxd6 16. b3 $146 (16. Rd1 Rfc8 {1-0 (86) Vachier Lagrave,M (2774)-Kovalenko,I (2674) Khanty-Mansiysk 2019}) 16... Qb6 17. Qxb6 Nxb6 18. Bd3 Rfc8 19. Bb2 a5 20. Rfd1 Nd5 21. c4 Nb4 22. Bxh7+ Kxh7 23. Rxd7 {[%mdl 64] Double Attack} Bc6 24. Rxf7 Rg8 $1 25. Rd1 Nxa2 26. Rd6 $36 {[%mdl 2048] White is pushing.} Be8 27. Re7 Rb8 (27... Nb4 $11) 28. Rd4 $1 $16 Rxb3 29. Rh4+ Kg6 {[#]} 30. Rg4+ $1 Kf5 31. Bxg7 Bh5 32. Rh4 Kg5 {Threatens to win with ...Bxf3.} 33. Re4 Rxg7 34. Rxg7+ Kf6 35. Ra7 {Strongly threatening Rf4+.} Nc3 {[#]} (35... Bg6 $16) 36. Rh4 $2 (36. Rf4+ $1 $18 Ke5 37. Rf8 Rb1+ 38. Kf2 Rb2+ 39. Kg3) 36... Bg6 37. Rh8 a4 38. h4 a3 39. h5 Bc2 {And now ...a2 would win.} 40. Kh2 (40. Rf8+ $1 $14 Ke5 41. Ra5+ Kd6 42. Rfa8) 40... a2 $11 41. f4 {[%cal Rh8f8]} Kf5 42. h6 Rb7 $2 {[%mdl 8192]} (42... Kxf4 $11 {and Black has nothing to worry.} 43. h7 Ke3) 43. Rf8+ Kg6 44. Rxb7 {Intending h7 and mate.} a1=Q 45. h7 Ne2 46. Rg8+ Kf5 {( -> ...Qg1+)} 47. Rf7+ Ke4 {...Qg1+ is the strong threat.} 48. h8=Q Qg1+ 49. Kh3 {Black must now prevent Qe5+.} Qh1+ 50. Kg4 {Threatening mate with Qe5+.} Qxg2+ 51. Kh4 Qf2+ 52. Kg5 Qg1+ 53. Kh6 Qh2+ (53... Qh1+ $142 54. Kg7 Qa1+ 55. Rf6 Qg1+ 56. Kf8 Qc5+ 57. Ke8 Qc8+ 58. Ke7 Qc7+ 59. Kf8 Qc5+ 60. Ke8 Qc6+ 61. Kf7 Qc7+ 62. Kg6 Kf3+ 63. Kh6 Qxc4) 54. Kg7 $18 Qg1+ 55. Kf8 Qc5+ 56. Re7 Qf5+ 57. Kg7 Nxf4 58. Qh7 Nh5+ 59. Kh8 Qxh7+ 60. Rxh7 Nf6 61. Rh4+ Ke5 62. Rd8 Bf5 63. c5 {White mates.} Nd5 64. c6 Ne7 65. c7 Kf6 66. Rh6+ Kg5 {[#]} 67. Rh2 {Played: Rh6-h7} 1-0

[Event "35th European Club Cup 2019"]
[Site "Ulcinj"]
[Date "2019.11.16"]
[Round "7.9"]
[White "Sokolov, Andrei"]
[Black "Varga, Zoltan"]
[Result "1/2-1/2"]
[WhiteElo "2497"]
[BlackElo "2424"]
[Annotator "ChessBase"]
[PlyCount "67"]
[EventDate "2019.11.10"]
[EventType "team-tourn"]
[EventCountry "MNE"]
[SourceTitle "playchess.com"]
[Source "ChessBase"]
[SourceQuality "1"]
[WhiteTeam "Mulhouse"]
[BlackTeam "Dunajska Streda"]
[TimeControl "40/5400+30:1800+30"]

1. e4 Nf6 2. e5 Nd5 3. d4 d6 4. c4 Nb6 5. exd6 cxd6 6. Nc3 g6 7. Be3 Bg7 8. Rc1 O-O 9. Nf3 d5 10. c5 Nc4 11. Bxc4 dxc4 12. Qe2 Be6 13. Ng5 Bd5 14. Nxd5 Qxd5 15. O-O b5 16. cxb6 axb6 17. Qxc4 Qxc4 18. Rxc4 Rxa2 19. Rb1 Na6 20. Ne4 b5 21. Rc6 Nb4 22. Rb6 Rfa8 23. g3 Nc2 24. Rxb5 Nxd4 25. Rb7 R2a7 26. Rxa7 Rxa7 27. b4 Rb7 28. Kg2 h6 29. Nc5 Rb5 30. Nd3 Rd5 31. Nf4 Rb5 32. Nd3 Rd5 33. Nf4 Rb5 34. Nd3 1/2-1/2

[Event "35th European Club Cup 2019"]
[Site "Ulcinj"]
[Date "2019.11.16"]
[Round "7.9"]
[White "Mikhalchishin, Adrian"]
[Black "Ris, Robert"]
[Result "1/2-1/2"]
[WhiteElo "2467"]
[BlackElo "2454"]
[Annotator "ChessBase"]
[PlyCount "60"]
[EventDate "2019.11.10"]
[EventType "team-tourn"]
[EventCountry "MNE"]
[SourceTitle "playchess.com"]
[Source "ChessBase"]
[SourceQuality "1"]
[WhiteTeam "Maribor"]
[BlackTeam "KGSRL Gent"]
[TimeControl "40/5400+30:1800+30"]

1. d4 {[%emt 0:00:00]} d5 {[%emt 0:00:00]} 2. c4 {[%emt 0:00:00]} e6 {[%emt 0:00:00]} 3. Nf3 {[%emt 0:00:27]} a6 {[%emt 0:00:47]} 4. e3 {[%emt 0:00:40]} Nf6 {[%emt 0:00:25]} 5. a3 {[%emt 0:01:36]} dxc4 {[%emt 0:03:10]} 6. Bxc4 {[%emt 0:00:33]} c5 {[%emt 0:00:32]} 7. O-O {[%emt 0:00:26]} Nc6 {[%emt 0:00:44]} 8. dxc5 {[%emt 0:06:15]} Bxc5 {[%emt 0:04:23]} 9. Qxd8+ {[%emt 0:01:12]} Kxd8 {[%emt 0:00:22]} 10. b4 {[%emt 0:01:02]} Bd6 {[%emt 0:01:17]} 11. Bb2 {[%emt 0:00:16]} Ke7 {[%emt 0:01:48]} 12. Nbd2 {[%emt 0:01:14]} b5 {[%emt 0:02:40]} 13. Be2 {[%emt 0:01:23]} Bb7 {[%emt 0:03:09]} 14. Nb3 {[%emt 0:04:08]} Rhc8 {[%emt 0:11:38]} 15. Rfc1 {[%emt 0:02:35]} a5 {[%emt 0:16:40]} 16. bxa5 {[%emt 0:18:32]} Nxa5 {[%emt 0:00:58]} 17. Nxa5 {[%emt 0:21:26]} Rxc1+ {[%emt 0:07:03]} 18. Rxc1 {[%emt 0:00:38]} Bxf3 {[%emt 0:01:35]} 19. gxf3 {[%emt 0:01:00]} Rxa5 {[%emt 0:00:08]} 20. Bc3 {[%emt 0:02:59]} Rxa3 {[%emt 0:01:45]} 21. Bxb5 {[%emt 0:00:27]} Rb3 {[%emt 0:01:29]} 22. Bc6 {[%emt 0:01:03]} Rb8 {[%emt 0:02:32]} 23. Ra1 {[%emt 0:01:25]} Rc8 {[%emt 0:00:51]} 24. Ra7+ {[%emt 0:00:40]} Rc7 {[%emt 0:00:09]} 25. Rxc7+ {[%emt 0:00:21]} Bxc7 {[%emt 0:00:05]} 26. f4 {[%emt 0:00:06]} g6 {[%emt 0:01:53]} 27. Kg2 {[%emt 0:00:14]} Nd5 {[%emt 0:00:37]} 28. Bd4 {[%emt 0:00:59]} Bb6 {[%emt 0:00:40]} 29. Bxd5 {[%emt 0:00:30]} Bxd4 {[%emt 0:00:06]} 30. Bc6 {[%emt 0:00:06]} Bb6 {[%emt 0:00:06]} 1/2-1/2

[Event "35th European Club Cup 2019"]
[Site "Ulcinj"]
[Date "2019.11.16"]
[Round "7.9"]
[White "Van Haastert, Edwin"]
[Black "Esipenko, Andrey"]
[Result "1/2-1/2"]
[WhiteElo "2439"]
[BlackElo "2636"]
[Annotator "TA"]
[PlyCount "64"]
[EventDate "2019.11.10"]
[EventType "team-tourn"]
[EventCountry "MNE"]
[SourceTitle "playchess.com"]
[Source "ChessBase"]
[SourceQuality "1"]
[WhiteTeam "LSG IntelliMagic"]
[BlackTeam "Molodezka"]

{[%evp 13,64,9,15,25,88,20,9,13,17,11,18,11,14,10,13,12,12,12,12,8,11,10,11,8,8,8,8,10,17,21,23,0,0,0,0,0,0,0,0,0,6,0,6,0,0,0,0,0,0,0,4,6,8]} 1. e4 c6 2. d4 d5 3. e5 Bf5 4. Nf3 e6 5. Be2 c5 6. Be3 Qb6 7. Nc3 Nc6 8. O-O {Hoping for dxc5. B12: Caro-Kann: Advance Variation} Qxb2 9. Qe1 ({White should play} 9. Nb5 $16 {Nc7+ is the strong threat.} Rc8 10. dxc5) 9... cxd4 $11 10. Bxd4 Nxd4 ({Don't go for} 10... Qxc2 $2 11. Rc1 $18) ({Not} 10... Bxc2 $2 11. Nb5 $18) 11. Nxd4 {[#] And now Rb1 would win.} Bb4 12. Rb1 Bxc3 13. Rxb2 Bxe1 14. Rxe1 b6 $1 15. Bb5+ Kf8 16. Nxf5 exf5 {[#]} 17. c4 $146 dxc4 18. Bxc4 g5 19. Rbe2 Rc8 20. Bb3 Rc7 21. e6 fxe6 22. Bxe6 Ne7 {The position is equal.} 23. Re5 Kg7 24. Bb3 Ng6 25. Rxf5 Re8 {[%cal Re8e1] [#]} 26. Kf1 Rxe1+ 27. Kxe1 {[%mdl 4096] Endgame KRB-KRN} Re7+ 28. Kd2 h6 29. g3 Ne5 30. h3 Nd7 31. f4 gxf4 32. Rxf4 Nf6 {Accuracy: White = 75%, Black = 85%.} 1/2-1/2

[Event "35th European Club Cup 2019"]
[Site "Ulcinj"]
[Date "2019.11.16"]
[Round "7.10"]
[White "Popov, Ivan"]
[Black "Ragger, Markus"]
[Result "1/2-1/2"]
[WhiteElo "2625"]
[BlackElo "2669"]
[Annotator "TA"]
[PlyCount "63"]
[EventDate "2019.11.10"]
[EventType "team-tourn"]
[EventCountry "MNE"]
[SourceTitle "playchess.com"]
[Source "ChessBase"]
[SourceQuality "1"]
[WhiteTeam "Moscow Chess Team"]
[BlackTeam "Novy Bor"]

{[%evp 14,63,41,43,29,39,18,22,20,27,28,43,32,32,24,32,33,25,27,18,30,39,41,29,12,9,11,13,11,19,9,13,29,0,0,0,0,0,0,0,0,0,0,0,0,0,0,0,0,0,0,0]} 1. e4 e5 2. Nf3 Nc6 3. Bc4 Nf6 4. Ng5 d5 5. exd5 Na5 6. Bb5+ c6 7. dxc6 bxc6 8. Bd3 Nd5 {C58: Two Knights: 4 Ng5 d5 5 exd5 Na5 sidelines} 9. Nf3 Bd6 10. O-O O-O (10... Nf4 11. Nc3 Nxd3 12. cxd3 O-O 13. b3 c5 14. Ba3 Nc6 15. Ne4 Nb4 16. Bxb4 cxb4 {½-½ (43) Aronian,L (2765)-Ding,L (2805) Saint Louis 2019}) (10... Nf4 11. Re1 Nxd3 12. cxd3 O-O 13. Nc3 Re8 14. Ne4 c5 15. b3 Bf8 16. Ba3 {0-1 (70) Popov,I (2644)-Ragger,M (2680) Tromsoe 2013}) 11. Re1 f5 {[#] Strongly threatening ...e4.} 12. Nxe5 Qf6 13. Nf3 g5 $1 {[%cal Rg5g4]} 14. g3 f4 {Hoping for ...fxg3.} 15. Nc3 $1 {[%cal Rc3e4] Black must now prevent Ne4.} fxg3 16. hxg3 {[#] And now Ne4 would win.} Qxf3 $146 ({Predecessor:} 16... Nxc3 17. dxc3 {½-½ (52) Kovalev,V (2639)-Demchenko,A (2660) Riadh 2017}) 17. Qxf3 Rxf3 18. Be4 $1 {[%csl LRd5,LRf3]} Rf7 {aiming for ...Bc5.} 19. Nxd5 cxd5 20. Bxd5 {[%mdl 64] [#] Double Attack} Bb7 21. Bxf7+ Kxf7 22. d4 g4 23. d5 Bxd5 {The position is equal.} 24. Bf4 Bxf4 25. Rad1 Bf3 $1 {[%cal Rf3d1]} 26. Rd7+ Kf6 {...Be5 is the strong threat.} 27. gxf4 Nc6 28. Re3 Kf5 29. Rf7+ Kg6 30. Rd7 Kf5 31. Rf7+ Kg6 32. Rd7 {Accuracy: White = 91%, Black = 100%.} 1/2-1/2

[Event "35th European Club Cup 2019"]
[Site "Ulcinj"]
[Date "2019.11.16"]
[Round "7.10"]
[White "Yuffa, Daniil"]
[Black "De Jong, Jan-Willem"]
[Result "1-0"]
[WhiteElo "2578"]
[BlackElo "2446"]
[Annotator "ChessBase"]
[PlyCount "73"]
[EventDate "2019.11.10"]
[EventType "team-tourn"]
[EventCountry "MNE"]
[SourceTitle "playchess.com"]
[Source "ChessBase"]
[SourceQuality "1"]
[WhiteTeam "Molodezka"]
[BlackTeam "LSG IntelliMagic"]
[TimeControl "40/5400+30:1800+30"]

1. Nf3 {[%emt 0:00:00]} d5 {[%emt 0:00:00]} 2. g3 {[%emt 0:00:00]} Nf6 {[%emt 0:02:02]} 3. Bg2 {[%emt 0:01:21]} g6 {[%emt 0:00:28]} 4. O-O {[%emt 0:00:05]} Bg7 {[%emt 0:00:04]} 5. d3 {[%emt 0:00:02]} O-O {[%emt 0:02:52]} 6. Nbd2 {[%emt 0:02:13]} c5 {[%emt 0:03:49]} 7. e4 {[%emt 0:00:05]} Nc6 {[%emt 0:00:22]} 8. Re1 {[%emt 0:00:05]} Qc7 {[%emt 0:02:29]} 9. c3 {[%emt 0:07:15]} Rd8 {[%emt 0:01:17]} 10. Qb3 {[%emt 0:14:41]} b6 {[%emt 0:12:34]} 11. h3 {[%emt 0:08:25]} dxe4 {[%emt 0:27:02]} 12. dxe4 {[%emt 0:00:08]} h6 {[%emt 0:01:00]} 13. Qa4 {[%emt 0:18:50]} Bd7 {[%emt 0:03:35]} 14. Qc2 {[%emt 0:01:11]} e5 {[%emt 0:05:00]} 15. Nc4 {[%emt 0:04:44]} Be6 {[%emt 0:01:06]} 16. Ne3 {[%emt 0:00:13]} c4 {[%emt 0:01:08]} 17. g4 {[%emt 0:01:43]} Rac8 {[%emt 0:11:34]} 18. g5 {[%emt 0:02:25]} Nh5 {[%emt 0:00:39]} 19. Nd5 {[%emt 0:03:48]} Bxd5 {[%emt 0:00:56]} 20. exd5 {[%emt 0:00:08]} Ne7 {[%emt 0:03:20]} 21. gxh6 {[%emt 0:01:06]} Bf6 {[%emt 0:02:55]} 22. Ng5 {[%emt 0:01:36]} Nxd5 {[%emt 0:01:25]} 23. Ne6 {[%emt 0:01:22]} Qe7 {[%emt 0:04:14]} 24. Nxd8 {[%emt 0:01:12]} Rxd8 {[%emt 0:00:11]} 25. Bxd5 {[%emt 0:03:40]} Rxd5 {[%emt 0:00:04]} 26. Qe4 {[%emt 0:00:14]} Qd8 {[%emt 0:04:30]} 27. Qxc4 {[%emt 0:03:05]} Bg5 {[%emt 0:02:02]} 28. Bxg5 {[%emt 0:08:26]} Qxg5+ {[%emt 0:00:06]} 29. Qg4 {[%emt 0:00:08]} Qd8 {[%emt 0:00:32]} 30. Rad1 {[%emt 0:03:56]} Nf4 {[%emt 0:00:35]} 31. Qf3 {[%emt 0:00:57]} Rxd1 {[%emt 0:02:11]} 32. Rxd1 {[%emt 0:00:29]} Qg5+ {[%emt 0:01:20]} 33. Kh2 {[%emt 0:00:13]} Kh7 {[%emt 0:01:21]} 34. Rd7 {[%emt 0:00:29]} Kxh6 {[%emt 0:01:42]} 35. Rxf7 {[%emt 0:00:23]} Nh5 {[%emt 0:01:13]} 36. Qg4 {[%emt 0:01:18]} Qc1 {[%emt 0:00:34]} 37. h4 {[%emt 0:00:22]} 1-0

[Event "35th European Club Cup 2019"]
[Site "Ulcinj"]
[Date "2019.11.16"]
[Round "7.10"]
[White "Csonka, Attila Istvan"]
[Black "Papadiamandis, Elliot"]
[Result "1-0"]
[WhiteElo "2348"]
[BlackElo "2220"]
[Annotator "NA"]
[PlyCount "99"]
[EventDate "2019.11.10"]
[EventType "team-tourn"]
[EventCountry "MNE"]
[SourceTitle "playchess.com"]
[Source "ChessBase"]
[SourceQuality "1"]
[WhiteTeam "Dunajska Streda"]
[BlackTeam "Mulhouse"]
[TimeControl "40/5400+30:1800+30"]

1. e4 {[%emt 0:00:00]} c5 {[%emt 0:00:00]} 2. Nf3 {[%emt 0:00:00]} d6 {[%emt 0:00:30]} 3. d4 {[%emt 0:00:00]} Nf6 {[%emt 0:00:28]} 4. Nc3 {[%emt 0:00:00]} cxd4 {[%emt 0:00:25]} 5. Nxd4 {[%emt 0:01:16]} a6 {[%emt 0:00:31]} 6. Bg5 {[%emt 0:00:44]} e6 {[%emt 0:00:40]} 7. Qf3 {[%emt 0:00:47]} h6 {[%emt 0:00:57]} 8. Bd2 {[%emt 0:02:09]} Qb6 {[%emt 0:00:25]} 9. Nb3 {[%emt 0:00:10]} Nbd7 {[%emt 0:00:49]} 10. Bd3 {[%emt 0:00:23]} Qc7 {[%emt 0:01:36]} 11. O-O {[%emt 0:01:10]} Be7 {[%emt 0:02:04]} 12. Qg3 {[%emt 0:06:38]} Nh5 {[%emt 0:03:07]} 13. Qg4 {[%emt 0:06:45]} g6 {[%emt 0:01:37]} 14. f4 {[%emt 0:01:00]} Nhf6 {[%emt 0:00:28]} 15. Qe2 {[%emt 0:05:25]} O-O {[%emt 0:06:22]} 16. Rae1 {[%emt 0:02:43]} Kg7 {[%emt 0:03:04]} 17. e5 {[%emt 0:01:27]} Nh7 {[%emt 0:04:35]} 18. Ne4 {[%emt 0:06:28]} dxe5 {[%emt 0:13:58]} 19. fxe5 {[%emt 0:00:38]} Nxe5 {[%emt 0:00:21]} 20. Bf4 {[%emt 0:10:41]} Qb6+ {[%emt 0:07:51]} 21. Be3 {[%emt 0:03:08]} Qc7 {[%emt 0:00:39]} 22. Bd4 {[%emt 0:00:27]} f6 23. Nxf6 {[%emt 0:01:39]} Bxf6 {[%emt 0:01:28]} 24. Rxf6 {[%emt 0:03:30]} Nxf6 {[%emt 0:03:45]} 25. Bxe5 {[%emt 0:00:37]} Qe7 {[%emt 0:09:04]} 26. Qe4 {[%emt 0:02:34]} Kg8 {[%emt 0:04:27]} 27. Qxg6+ {[%emt 0:00:50]} Qg7 {[%emt 0:00:18]} 28. Qxg7+ {[%emt 0:00:08]} Kxg7 {[%emt 0:00:13]} 29. Rf1 {[%emt 0:00:05]} b6 {[%emt 0:07:11]} 30. g4 {[%emt 0:00:29]} a5 {[%emt 0:04:37]} 31. Nd4 {[%emt 0:00:39]} a4 {[%emt 0:02:46]} 32. h4 {[%emt 0:02:13]} Ra5 {[%emt 0:00:47]} 33. Nb5 {[%emt 0:00:15]} Bd7 {[%emt 0:05:35]} 34. c4 {[%emt 0:00:13]} a3 {[%emt 0:00:15]} 35. b4 {[%emt 0:01:43]} Ra4 {[%emt 0:00:01]} 36. Nd6 {[%emt 0:00:11]} Kg8 {[%emt 0:01:38]} 37. Rxf6 {[%emt 0:00:38]} Rxf6 {[%emt 0:00:21]} 38. Bxf6 {[%emt 0:00:05]} Rxb4 {[%emt 0:10:20]} 39. g5 {[%emt 0:01:17]} h5 {[%emt 0:01:18]} 40. Bc3 {[%emt 0:00:00]} Ra4 {[%emt 0:00:00]} 41. Ne4 {[%emt 0:01:20]} Be8 {[%emt 0:03:04]} 42. Nf6+ {[%emt 0:04:52]} Kf8 {[%emt 0:00:27]} 43. Kf2 {[%emt 0:01:55]} Ke7 {[%emt 0:05:53]} 44. Ke3 {[%emt 0:01:53]} Bf7 {[%emt 0:00:04]} 45. g6 {[%emt 0:00:48]} Bxg6 {[%emt 0:00:27]} 46. Bxg6 {[%emt 0:00:06]} Rxc4 {[%emt 0:00:24]} 47. Ne4 {[%emt 0:00:05]} b5 {[%emt 0:00:53]} 48. Kd3 {[%emt 0:00:06]} Ra4 {[%emt 0:00:23]} 49. Bxh5 {[%emt 0:00:37]} b4 {[%emt 0:01:27]} 50. Bd1 {[%emt 0:00:07]} 1-0

[Event "35th European Club Cup 2019"]
[Site "Ulcinj"]
[Date "2019.11.16"]
[Round "7.10"]
[White "Lemmers, Oscar"]
[Black "Mohr, Georg"]
[Result "1/2-1/2"]
[WhiteElo "2346"]
[BlackElo "2437"]
[Annotator "NA"]
[PlyCount "53"]
[EventDate "2019.11.10"]
[EventType "team-tourn"]
[EventCountry "MNE"]
[SourceTitle "playchess.com"]
[Source "ChessBase"]
[SourceQuality "1"]
[WhiteTeam "KGSRL Gent"]
[BlackTeam "Maribor"]
[TimeControl "40/5400+30:1800+30"]

1. e4 {[%emt 0:00:00]} e6 {[%emt 0:06:56]} 2. d4 {[%emt 0:00:00]} d5 {[%emt 0:00:06]} 3. Nd2 {[%emt 0:00:00]} c5 {[%emt 0:00:10]} 4. exd5 {[%emt 0:00:19]} Qxd5 {[%emt 0:00:04]} 5. Ngf3 {[%emt 0:00:23]} cxd4 {[%emt 0:00:06]} 6. Bc4 {[%emt 0:00:09]} Qd7 {[%emt 0:00:04]} 7. O-O {[%emt 0:00:43]} Nc6 {[%emt 0:00:11]} 8. Nb3 {[%emt 0:02:30]} a6 {[%emt 0:00:54]} 9. a4 {[%emt 0:00:21]} Nf6 {[%emt 0:06:12]} 10. Bf4 {[%emt 0:09:43]} Bd6 {[%emt 0:06:17]} 11. Bxd6 {[%emt 0:00:17]} Qxd6 {[%emt 0:00:01]} 12. Nbxd4 {[%emt 0:02:15]} Nxd4 {[%emt 0:00:44]} 13. Qxd4 {[%emt 0:01:27]} Qxd4 {[%emt 0:03:20]} 14. Nxd4 {[%emt 0:00:02]} Bd7 {[%emt 0:00:10]} 15. Rfe1 {[%emt 0:07:48]} Rc8 {[%emt 0:09:17]} 16. Be2 {[%emt 0:11:46]} g6 {[%emt 0:07:09]} 17. c4 {[%emt 0:06:40]} a5 {[%emt 0:03:43]} 18. Nb3 {[%emt 0:15:52]} b6 {[%emt 0:12:14]} 19. c5 bxc5 {[%emt 0:01:04]} 20. Nxa5 {[%emt 0:08:22]} Ke7 {[%emt 0:02:21]} 21. Rec1 {[%emt 0:01:26]} Rb8 {[%emt 0:04:42]} 22. b3 {[%emt 0:08:14]} Rhc8 {[%emt 0:01:35]} 23. Rc2 {[%emt 0:01:34]} Nd5 {[%emt 0:19:42]} 24. Rac1 {[%emt 0:00:52]} Kd6 {[%emt 0:00:30]} 25. Nc4+ {[%emt 0:00:22]} Ke7 {[%emt 0:00:08]} 26. Nd2 {[%emt 0:03:31]} Rb4 {[%emt 0:02:16]} 27. g3 {[%emt 0:02:29]} 1/2-1/2

[Event "35th European Club Cup 2019"]
[Site "Ulcinj"]
[Date "2019.11.16"]
[Round "7.11"]
[White "Sasikiran, Krishnan"]
[Black "Kobalia, Mikhail"]
[Result "1-0"]
[WhiteElo "2660"]
[BlackElo "2608"]
[Annotator "TA"]
[PlyCount "79"]
[EventDate "2019.11.10"]
[EventType "team-tourn"]
[EventCountry "MNE"]
[SourceTitle "playchess.com"]
[Source "ChessBase"]
[SourceQuality "1"]
[WhiteTeam "Novy Bor"]
[BlackTeam "Moscow Chess Team"]

{[%evp 18,79,27,22,29,13,31,0,17,0,24,14,24,0,33,0,0,0,0,0,27,28,38,41,33,34,42,39,53,34,43,17,6,0,32,31,31,31,31,33,37,36,87,81,99,48,127,106,144,121,191,106,181,189,183,188,179,187,190,173,190,190,239,232]} 1. e4 e5 2. Nf3 Nc6 3. Bb5 Nf6 4. O-O Nxe4 5. d4 Nd6 6. Bxc6 dxc6 7. dxe5 Nf5 8. Qxd8+ Kxd8 9. Nc3 Ke8 10. h3 h5 {C67: Ruy Lopez: Berlin Defence: 4 0-0 Nxe4} 11. Rd1 (11. Bg5 Be6 12. Rfd1 Be7 13. Rd2 Rd8 14. Rxd8+ Kxd8 15. Rd1+ Ke8 16. b3 h4 17. Ne2 Bd5 18. Bf4 Bxf3 19. gxf3 {½-½ (26) Anand,V (2756)-Nakamura,H (2743) Saint Louis 2019}) 11... Be7 12. a4 a5 {The position is equal.} 13. Ne2 Bd7 $146 ({Predecessor:} 13... b6 14. Bf4 c5 15. Nc3 c6 16. Rd2 Be6 17. Rad1 Rd8 18. Rxd8+ Bxd8 19. Rd2 f6 20. exf6 gxf6 {0-1 (67) Quesada Perez,Y (2401)-Otero Acosta,D (2440) Santa Clara 2011}) 14. Bf4 Rc8 15. b3 Be6 16. Ned4 Nxd4 17. Nxd4 Bd7 18. Rd3 g5 (18... c5 $5 {[%cal Rc5d4]} 19. e6 fxe6 $11) 19. Bd2 c5 20. e6 fxe6 21. Nf3 Rg8 22. Bxa5 Bd6 23. Nd2 Ke7 24. Re1 b5 25. axb5 {Threatens to win with c4.} Bxb5 (25... Ra8 $5 {[%cal Ra8a5]} 26. Bc3 Bxb5 $11) 26. Rde3 Rg6 27. Ne4 Bc6 28. Bd2 $36 {[%mdl 2048] White has some pressure.} g4 29. h4 Bd5 (29... Bxe4 $14 30. Rxe4 Kd7) 30. Ng3 $16 Kd7 31. Bc3 ({Of course not} 31. Nxh5 $6 Rh8 $11) ({White should try} 31. Rd3 $16) 31... Bxg3 (31... Rh6 $1 $14) 32. Rxg3 Ra8 33. Be5 Ra2 {[#]} (33... c4 $16 {was necessary.}) 34. Rc3 (34. c4 $1 $18) 34... Ra5 (34... c4 $16) 35. Rd3 $18 {Hoping for c4.White is clearly better.} Kc8 {[#]} 36. c4 $1 {And now Bc3 would win.} Bc6 37. Bg3 Rh6 38. Kh2 Kb7 39. Re5 Rh7 40. Rde3 {Accuracy: White = 68%, Black = 47%.} ({But not} 40. Rxe6 Ra2) 1-0

[Event "35th European Club Cup 2019"]
[Site "Ulcinj"]
[Date "2019.11.16"]
[Round "7.11"]
[White "Van Wissen, Michiel"]
[Black "Antipov, Mikhail Al."]
[Result "1-0"]
[WhiteElo "2289"]
[BlackElo "2558"]
[Annotator "ChessBase"]
[PlyCount "63"]
[EventDate "2019.11.10"]
[EventType "team-tourn"]
[EventCountry "MNE"]
[SourceTitle "playchess.com"]
[Source "ChessBase"]
[SourceQuality "1"]
[WhiteTeam "LSG IntelliMagic"]
[BlackTeam "Molodezka"]
[TimeControl "40/5400+30:1800+30"]

1. e4 {[%emt 0:00:00]} c5 {[%emt 0:00:00]} 2. Nf3 {[%emt 0:00:00]} d6 {[%emt 0:00:00]} 3. d4 {[%emt 0:00:00]} cxd4 {[%emt 0:00:00]} 4. Nxd4 {[%emt 0:00:00]} Nf6 {[%emt 0:00:00]} 5. f3 {[%emt 0:00:03]} e5 {[%emt 0:01:07]} 6. Nb3 {[%emt 0:00:06]} Be6 {[%emt 0:00:05]} 7. c4 {[%emt 0:00:13]} a5 {[%emt 0:00:06]} 8. Be3 {[%emt 0:00:24]} Be7 {[%emt 0:00:20]} 9. Nc3 {[%emt 0:01:16]} a4 {[%emt 0:02:00]} 10. Nd2 {[%emt 0:02:42]} Qa5 {[%emt 0:00:09]} 11. Be2 {[%emt 0:02:45]} O-O {[%emt 0:01:54]} 12. O-O {[%emt 0:03:29]} Bd8 {[%emt 0:00:15]} 13. Kh1 {[%emt 0:15:53]} Nfd7 {[%emt 0:00:19]} 14. Nd5 {[%emt 0:04:33]} Bxd5 {[%emt 0:07:10]} 15. cxd5 {[%emt 0:00:44]} b5 {[%emt 0:00:05]} 16. b4 {[%emt 0:13:50]} Qxb4 {[%emt 0:01:25]} 17. Qc1 {[%emt 0:03:41]} Qa5 {[%emt 0:07:56]} 18. Rb1 {[%emt 0:01:20]} Be7 {[%emt 0:14:11]} 19. Bxb5 {[%emt 0:11:40]} Nc5 {[%emt 0:03:18]} 20. Bxc5 {[%emt 0:01:25]} dxc5 {[%emt 0:00:06]} 21. Nc4 {[%emt 0:00:07]} Qc7 {[%emt 0:00:13]} 22. Qd1 {[%emt 0:02:35]} Qa7 {[%emt 0:01:36]} 23. Nxe5 {[%emt 0:03:55]} Bf6 {[%emt 0:00:05]} 24. Nc4 {[%emt 0:05:33]} Bd4 {[%emt 0:00:06]} 25. f4 {[%emt 0:02:25]} Rd8 {[%emt 0:00:42]} 26. d6 {[%emt 0:04:45]} a3 {[%emt 0:05:50]} 27. Rb3 {[%emt 0:05:31]} Qb7 {[%emt 0:00:26]} 28. e5 {[%emt 0:05:40]} Na6 {[%emt 0:17:41]} 29. Na5 {[%emt 0:00:47]} Qb6 {[%emt 0:00:06]} 30. Nc6 {[%emt 0:02:27]} Rf8 {[%emt 0:00:54]} 31. Ne7+ {[%emt 0:01:04]} Kh8 {[%emt 0:00:01]} 32. Bd3 {[%emt 0:00:15]} 1-0